000 00298nam a22001337a 4500
008 170911b xxu||||| |||| 00| 0 eng d
020 _a9780070495531
041 _aeng
080 _26TH
_a53
100 _a43
101 _aFIZ
245 _aCONCEPTS OF MODERN PHYSICS
_cBEISER,A
942 _2udc
_cBK
999 _c27211
_d27211